| 000 | 01154nam a2200325Ic 4500 | ||
|---|---|---|---|
| 001 | 59947 | ||
| 003 | CO-BoRNBP | ||
| 005 | 20251112155531.0 | ||
| 007 | ta | ||
| 008 | 180815s2016 sp a g 000 0 spa | ||
| 020 | _a9788466224109 | ||
| 040 |
_aCO-BoRNBP _bspa _erda _cCO-BoRNBP |
||
| 041 | _aspa | ||
| 082 | 0 | 4 |
_a745.5942 _bC15d |
| 100 |
_aCampo Sáez, Lucía _eaut _967282 |
||
| 245 | 1 | 0 |
_aDiseño de bisutería con abalorios : _bproyectos paso a paso para diseñar joyería / _cColaboración en textos e ilustraciones de Lucía Campo Sáez. |
| 250 | _aPrimera edición | ||
| 264 | 1 |
_aMadird, España : _bLibsa, _c2012 |
|
| 300 |
_a160 páginas : _bilustraciones a color |
||
| 336 |
_atexto _btxt _2rdacontent |
||
| 337 |
_asin mediación _bn _2rdamedia |
||
| 338 |
_avolumen _bnc _2rdacarrier |
||
| 650 | 0 | 7 |
_aAbalorios _2armarc _967283 |
| 650 | 0 | 7 |
_aArtesanías _xEstrategia y técnica _2lemb _967284 |
| 650 | 0 | 7 |
_aBisutería _xTecnicas _xEnseñanza _2armarc _967285 |
| 650 | 0 | 7 |
_aCreación literaria, artística, etc. _2rnbp _943949 |
| 650 | 0 | 7 |
_aJoyería _xEnseñanza _2lemb _967286 |
| 650 | 0 | 7 |
_aTrabajos manuales (educacion) _2lemb |
| 942 |
_2ddc _cBK |
||
| 999 |
_c59947 _d59947 |
||